ბათუმის შოთა რუსთაველის სახელმწიფო უნივერსიტეტის ბიბლიოთეკა

სითბოს სატრანსფორმაციო და მაცივარი დანადგარების თბური გაანგარიშების მეთოდიკა / (ბიბ.ჩანაწერი № 39627)

000 -ლიდერი
ფიქსირებული სიგრძის საკონტროლო ველი 01222nam a2200217Ia 4500
001 - საკონტროლო ნომერი
საკონტროლო ველი 6227
003 - საკონტროლო ნომრის იდენტიფიკატორი
საკონტროლო ველი GE_BSU
005 - ბოლო ოპერაციის თარიღი და დრო
საკონტროლო ველი 20190628211731.0
008 - ფიქსირებული სიგრძის მონაცემთა ელემენტები - ზოგადი ინფორმაცია
ფიქსირებული სიგრძის საკონტროლო ველი 181216s1979||||ge |||||||||||||| ||geo||
041 ## - ენის კოდი
Language code of text/sound track or separate title geo
080 ## - უნივერსალური ათობითი კლასიფიკაციის ინდექსი
Universal Decimal Classification number 621.314.2 ვ-28
100 ## - მთავარი ჩანაწერი - პიროვნების სახელი
Personal name ვეზირიშვილი,ო.
9 (RLIN) 3119
245 ## - ცნობა სათაურის შესახებ
Title სითბოს სატრანსფორმაციო და მაცივარი დანადგარების თბური გაანგარიშების მეთოდიკა /
Statement of responsibility, etc ო. ვეზირიშვილი ; ი. ჟორჟოლიანი ; რედ : ე.კირვალიძე.
264 ## - წარმოების, გამოცემის, დისტრიბუციის და სხვა ცნობები
გამოცემის, წარმოების, დისტრიბუციის... ადგილი თბილისი :
გამოცემის, წარმოების, დისტრიბუციის... სახელწოდება სპი,
გამოცემის, წარმოების, დისტრიბუციის... თარიღი 1979.
300 ## - ფიზიკური აღწერა
Extent 72 გვ.:
Dimensions 20 სმ.
504 ## - BIBLIOGRAPHY, ETC. NOTE
Bibliography, etc დანართი.ბიბლიოგრ.:გვ.71
653 ## - INDEX TERM--UNCONTROLLED
Uncontrolled term სითბოს სატრანსფორმაციო და მაცივარი დანადგარების თბური გაანგარიშების მეთოდიკა
700 ## - ADDED ENTRY--PERSONAL NAME
Personal name ჟორჟოლიანი, ი.
9 (RLIN) 3120
700 ## - ADDED ENTRY--PERSONAL NAME
Personal name კირვალიძე, ე
Relator term რედაქტორი
9 (RLIN) 3121
942 ## - ADDED ENTRY ELEMENTS (KOHA)
Koha item type წიგნი
Source of classification or shelving scheme
ეგზემპლარები
ჩამოწერის სტატუსი დაკარგული ეგზემპლარის სტატუსი კლასიფიკაციის წყარო ან თაროზე გაწყობის სქემა დაზიანების სტატუსი არ გაიცემა მუდმივი მდებარეობა (დაცვის ადგილი) ამჟამინდელი ადგილსამყოფელი თაროზე განთავსების ადგილი შეძენის თარიღი ღირებულება, შესყიდვის ნორმალური ფასი სრული შენახვის შიფრი შტრიხკოდი ბოლო ოპერაციის თარიღი ეგზემპლარის მიმდევრობითი ნომერი (კეტერი?) ფასის ძალაში შესვლის თარიღი ეგზემპლარის სახეობა საჯარო შენიშვნა
          ტექნოლოგიური ფაკულტეტის ბიბლიოთეკა ტექნოლოგიური ფაკულტეტის ბიბლიოთეკა წიგნსაცავი 2018-12-17 0.00 621.314.2 ვ-28 11160 2018-12-17 11160 2018-12-17 წიგნი 0,80 თ.
          ტექნოლოგიური ფაკულტეტის ბიბლიოთეკა ტექნოლოგიური ფაკულტეტის ბიბლიოთეკა წიგნსაცავი 2018-12-17 0.00 621.314.2 ვ-28 11161 2018-12-17 11161 2018-12-17 წიგნი 0,80 თ.